Let's Start Here. - Lil Yachty - Statistics

General Stats
  • This quiz has been taken 8 times
  • The average score is 8 of 14
Answer Stats
Songs Plays Artists % Correct
the BLACK seminole. 40,059,061, Lil Yachty, Diana Gordon
86%
drive ME crazy! 219,186,982 Lil Yachty, Diana Gordon
71%
the ride- 28,213,641 Lil Yachty
71%
:(failure(: 422,544 Lil Yachty
57%
IVE OFFICIALLY LOST ViSiON!!!! 14,023,221 Lil Yachty
57%
pRETTy 30,417,689 Lil Yachty
57%
REACH THE SUNSHINE. 11,381,886 Lil Yachty
57%
running out of time 28,307,019 Lil Yachty
57%
The Alchemist. 12,365,146 Lil Yachty
57%
sAy sOMETHINg 20,161,372 Lil Yachty
43%
sHouLd i B? 14,955,532 Lil Yachty
43%
WE SAW THE SUN! 15,723,597 Lil Yachty
43%
paint THE sky 13,550,496 Lil Yachty
29%
THE zone~ 17,083,823 Lil Yachty
29%
No matching quizzes found
Score Distribution
Percent of People with Each Score
Percentile by Number Answered
Your Score History
You have not taken this quiz